000 00306nam a2200121Ia 4500
008 190216s9999||||xx |||||||||||||| ||und||
100 _aSrivastava O S
245 0 _aEconomic Development And Planning In India
260 _bAllied Publications
_c1998
300 _a590p
650 _aEconomics
942 _cBK
999 _c10123
_d10123